| 000 | 00348nam a22001577a 4500 | ||
|---|---|---|---|
| 003 | SGT | ||
| 020 | _a978-81-7739-480-1 | ||
| 082 |
_a612 _bE16G |
||
| 100 | _aGUPTA, VIPIN | ||
| 245 | _aESSENTIALS OF ECG | ||
| 250 | _a1ST | ||
| 260 |
_aINDIA _bAVICHAL PUB, COMPANY _c2016 |
||
| 300 | _a115 | ||
| 650 | _aHUMAN PHYSIOLOGY | ||
| 942 |
_2ddc _cBK _07 |
||
| 999 |
_c20105 _d20105 |
||